100 mẫu câu ngữ pháp tiếng Hàn

Nội dung sách nhằm giúp cho người học có thể học tốt ngữ pháp tiếng Hàn bằng những thuyết minh dễ hiểu, ví dụ sinh động và nhiều bài tập thú vị.

Guardado en:
Detalles Bibliográficos
Autor principal: Jin, Lee Yun
Formato: Libro
Lenguaje:Undetermined
Publicado: Hà Nội Giáo dục 2005
Materias:
Etiquetas: Agregar Etiqueta
Sin Etiquetas, Sea el primero en etiquetar este registro!
Thư viện lưu trữ: Trung tâm Học liệu Trường Đại học Cần Thơ
LEADER 00816nam a2200205Ia 4500
001 CTU_122682
008 210402s9999 xx 000 0 und d
020 |c 27000 
082 |a 495.7 
082 |b J61 
100 |a Jin, Lee Yun 
245 0 |a 100 mẫu câu ngữ pháp tiếng Hàn 
245 0 |c Lee Yun Jin ; Người dịch: Nghiêm Thị Hương 
260 |a Hà Nội 
260 |b Giáo dục 
260 |c 2005 
520 |a Nội dung sách nhằm giúp cho người học có thể học tốt ngữ pháp tiếng Hàn bằng những thuyết minh dễ hiểu, ví dụ sinh động và nhiều bài tập thú vị. 
650 |a Korean language,Hàn ngữ 
904 |i Giang 
980 |a Trung tâm Học liệu Trường Đại học Cần Thơ